• 首页
  • 本馆介绍
  • 公告通知
  • 最新文献
  • 馆藏检索
  • 电子资源
  • 读者导购
  • 参考咨询
  • 我的图书馆
  • 登录
  • 详细信息显示
  • 放入我的书架
  • 预约/预借图书
  • 作者相关作品
  • 分类相关作品
  • 丛书相关作品
  • 出版社相关作品

书目信息

  • 表格格式
  • 工作单格式
  • 卡片格式
题名:
药事管理与法规通关必刷1200题
    
 
作者: ;医学教育网 编著
分册:  
出版信息: 昆明   云南科技出版社  2019
页数: 280页
开本: 24cm
丛书名:
单 册:
中图分类: R95-44
科图分类:
主题词: 药政管理--资格考试--习题集 , 药事法规--资格考试--习题集
电子资源:
ISBN: 978-7-5587-2067-3
000 00919nam0 2200229 450
001 2362112532
005 20231215171633.84
010    @a978-7-5587-2067-3@dCNY 69.00
100    @a20200331d2019 em y0chiy50 ea
101 0  @achi
102    @aCN@b530000
105    @ay z 000yy
200 1  @a药事管理与法规通关必刷1200题@9yao shi guan li yu fa gui tong guan bi shua 1 2 0 0 ti@f医学教育网编著
210    @a昆明@c云南科技出版社@d2019
215    @a280页@d24cm
330    @a这是一本针对国家医师资格考试,专为广大考生订制的专项习题训练用书。该书依托医学教育网多年的教学辅导经验,组织各学科名师编写、审核,以四种题型为主线,各章节考点为填充,对考试重点进行多层次、全方位考察,并对每一个题目都进行了详细解析。
606 0  @a药政管理@x资格考试@j习题集
606 0  @a药事法规@x资格考试@j习题集
690    @aR95-44@v5
711 02 @a医学教育网@9yi xue jiao yu wang@4编著
801  0 @aCN@b91MARC@c20211015
905    @aBZT@dR95-44@e5
    
    药事管理与法规通关必刷1200题/医学教育网编著.-昆明:云南科技出版社,2019
    280页;24cm
    
    
    ISBN 978-7-5587-2067-3:CNY 69.00
    这是一本针对国家医师资格考试,专为广大考生订制的专项习题训练用书。该书依托医学教育网多年的教学辅导经验,组织各学科名师编写、审核,以四种题型为主线,各章节考点为填充,对考试重点进行多层次、全方位考察,并对每一个题目都进行了详细解析。
●
相关链接 在五车中查询图书 在当当中查询图书 在豆瓣中查询图书


正题名:药事管理与法规通关必刷1200题     索取号:R95-44/5         预约/预借

序号 登录号 条形码 馆藏地/架位号 状态 备注
1 2001522184   2001522184   215主题书屋/ [索取号:R95-44/5] 在馆    
2 2001522185   2001522185   215主题书屋/ [索取号:R95-44/5] 在馆    
3 2001522186   2001522186   215主题书屋/ [索取号:R95-44/5] 在馆    
4 2001522187   2001522187   215主题书屋/ [索取号:R95-44/5] 在馆    
5 2001522188   2001522188   215主题书屋/ [索取号:R95-44/5] 在馆    
6 2001522189   2001522189   215主题书屋/ [索取号:R95-44/5] 在馆    
7 2001522190   2001522190   412书库/ [索取号:R95-44/5] 在馆    
8 2001522191   2001522191   412书库/ [索取号:R95-44/5] 在馆    
9 2001522192   2001522192   412书库/ [索取号:R95-44/5] 在馆    
10 2001522193   2001522193   412书库/ [索取号:R95-44/5] 在馆    
11 2001522194   2001522194   412书库/ [索取号:R95-44/5] 在馆    
12 2001522195   2001522195   412书库/ [索取号:R95-44/5] 在馆    
13 2001522196   2001522196   412书库/ [索取号:R95-44/5] 在馆    
14 2001522197   2001522197   412书库/ [索取号:R95-44/5] 在馆    
15 2001522198   2001522198   412书库/ [索取号:R95-44/5] 在馆    
16 2001522199   2001522199   412书库/ [索取号:R95-44/5] 在馆    
17 2001522200   2001522200   412书库/ [索取号:R95-44/5] 在馆    
18 2001522201   2001522201   412书库/ [索取号:R95-44/5] 在馆    
19 2001522202   2001522202   412书库/ [索取号:R95-44/5] 在馆    
20 2001522203   2001522203   412书库/ [索取号:R95-44/5] 在馆    
21 2001522204   2001522204   412书库/ [索取号:R95-44/5] 在馆    
22 2001522205   2001522205   412书库/ [索取号:R95-44/5] 在馆    
23 2001522206   2001522206   412书库/ [索取号:R95-44/5] 在馆    
24 2001522207   2001522207   412书库/ [索取号:R95-44/5] 在馆    
25 2001522208   2001522208   412书库/ [索取号:R95-44/5] 在馆    
26 2001522209   2001522209   412书库/ [索取号:R95-44/5] 在馆    
27 2001522210   2001522210   412书库/ [索取号:R95-44/5] 在馆    
28 2001522211   2001522211   412书库/ [索取号:R95-44/5] 在馆    
29 2001522212   2001522212   412书库/ [索取号:R95-44/5] 在馆    
30 2001522213   2001522213   412书库/ [索取号:R95-44/5] 在馆    
山东省滨州职业学院图书馆 欢迎您!
大连网信软件有限公司© 版权所有